Deporte y recreación para la rehabilitación.

-д хадгалсан:
Номзүйн дэлгэрэнгүй
Байгууллагын зохиогч: México. Presidencia de la República Secretaría de Educación Pública. Subsecretaría de la Juventud la Recreación y el Deporte
Формат: Ном
Хэл сонгох:испани
Цуврал:(Cuadernos de educación especial)
Нөхцлүүд:
Шошгууд: Шошго нэмэх
Шошго байхгүй, Энэхүү баримтыг шошголох эхний хүн болох!

MARC

LEADER 00000cam^a2200000uu^4500
001 000481991
005 20250521000000.0
008 050901s1977^^^^^^^^^^^^rd^r^^000^0^spa^d
009 20260310125037.365
035 |a FCE 000025029 
035 |a FCE 012509 
037 |a Acervo ITESO - Biblioteca 
041 |a spa 
082 0 4 |a 614.5823  |b SEPd 
110 |a México. Presidencia de la República  |b Secretaría de Educación Pública. Subsecretaría de la Juventud la Recreación y el Deporte 
245 1 0 |a Deporte y recreación para la rehabilitación. 
264 |a México :  |b SEP : SUBJURDE,  |c 1977. 
300 |a 122 p. 
336 |a texto  |b txt  |2 rdacontenido 
337 |a sin mediación  |b n  |2 rdamedio 
338 |a volumen  |b nc  |2 rdasoporte 
440 0 |a (Cuadernos de educación especial) 
611 4 |a Coloquio 
649 |a XX 
650 |a Deporte 
650 |a Actividad recreativa 
650 |a Rehabilitación 
910 |a Fondo Centro de Estudios Educativos 
920 |a Impresos - Libros 
930 |a Fondos Especiales 
905 |a 133 
901 |a ALE012509  |b IT2  |c CEE  |u 20250521 
902 |a https://opac.biblio.iteso.mx/vufind/Record/000481991